Logo BPK

Biblioteka

Politechniki Koszalińskiej

Budownictwo mieszkaniowe w latach 90. - zróżnicowanie przestrzenne i kierunki rozwoju / (Rekord nr 36818)

Szczegóły MARC
000 -ETYKIETA REKORDU
podpole kontrolne o stałej długości 01030nam a2200253 i 4500
001 - NUMER KONTROLNY REKORDU
pole kontrolne bg
020 ## - MIĘDZYNARODOWY ZNORMALIZOWANY NUMER KSIĄŻKI - ISBN
ISBN 8301130512
040 ## - ŹRÓDŁO KATALOGOWANIA
Instytucja, która utworzyła rekord BPK
041 0# - KOD JĘZYKA
Kod języka tekstu pl
080 ## - UNIWERSALNA KLASYFIKACJA DZIESIĘTNA - UKD
UKD 911.375:711.4/.8](438-21)"1989/..."
920 ## - Międzynarodowy znormalizowany numer książki – ISBN
ISBN 83-01-13051-2
008 - POLE O STAŁEJ DŁUGOŚCI - DANE KONTROLNE
podpole kontrolne o stałej długości s pl f |000 0 pol
245 00 - TYTUŁ/ODPOWIEDZIALNOŚĆ
Tytuł Budownictwo mieszkaniowe w latach 90. - zróżnicowanie przestrzenne i kierunki rozwoju /
Pozostałe elementy strefy tytułu i oznaczenia odpowiedzialności pod red. Tadeusza Marszała.
260 ## - STREFA ADRESU WYDAWNICZEGO
Miejsce wydania Warszawa :
Nazwa wydawcy/dystrybutora Wydaw. Naukowe PWN,
Data publikacji, dystrybucji/powstania dokumentu 1999.
300 ## - STREFA OPISU FIZYCZNEGO
Objętość 185 s. :
Inne cechy fizyczne mapy, pl. ;
Rozmiary 21 cm.
490 1# - STREFA SERII I DOKUMENTU WIELOCZĘŚCIOWEGO - FORMA NIE DO WYSZUKIWANIA
Tytuł i oznaczenie odpowiedzialności serii Biuletyn / Polska Akademia Nauk Komitet Przestrzennego Zagospodarowania Kraju,
ISSN 0079-3493 ;
Numeracja w obrębie serii Z. 190
504 ## - UWAGA DOTYCZĄCA BIBLIOGRAFII
Informacje o bibliografii Bibliogr. przy art.
650 #9 - HASŁO PRZEDMIOTOWE W FORMIE NAZWY OGÓLNEJ LUB JEDNOSTKOWEJ
Nazwa ogólna lub geograficzna Miasta
Określnik ogólny planowanie przestrzenne
Określnik geograficzny Polska
Określnik chronologiczny od 1989 r.
650 #9 - HASŁO PRZEDMIOTOWE W FORMIE NAZWY OGÓLNEJ LUB JEDNOSTKOWEJ
Nazwa ogólna lub geograficzna Budownictwo mieszkaniowe
-- zagadnienia
700 1# - HASŁO DODATKOWE - NAZWA OSOBOWA
Nazwa osobowa MARSZAŁ, Tadeusz.
Określenie związku między hasłem a opisywanym materiałem Red.
710 0# - HASŁO DODATKOWE - NAZWA CIAŁA ZBIOROWEGO
Nazwa ciała zbiorowego lub jednostki geograficznej Polska Akademia Nauk
Nazwa jednostki podrzędnej Komitet Przestrzennego Zagospodarowania Kraju
830 #0 - HASŁO DODATKOWE SERII LUB DOKUMENTU WIELOCZĘŚCIOWEGO - TYTUŁ UJEDNOLICONY
Tytuł ujednolicony Biuletyn (Polska Akademia Nauk Komitet Przestrzennego Zagospodarowania Kraju) ;
Oznaczenie tomu Z. 190
856 ## - LOKALIZACJA I DOSTĘP DO ELEKTRONICZNYCH DOKUMENTÓW ZDALNYCH
Link (URL) http://koha.tu.koszalin.pl/cgi-bin/koha/opac-detail.pl?biblionumber=36818
Tekst linku Katalog online BPK
942 ## - DODATKOWE ELEMENTY (KOHA)
Typ dokumentu Książka
Egzemplarze
Wycofany Status egzemplarza Uszkodzony Dostępność Lokalizacja stała Lokalizacja bieżąca Miejsce przechowywania Sygnatura Kod kreskowy Typ dokumentu
      Tylko na miejscu Biblioteka Politechniki Koszalińskiej Biblioteka Politechniki Koszalińskiej Czytelnia Wydziałowa ul. Kwiatkowskiego 6e 51812 01463576 Książka
© 2023 Biblioteka Politechniki Koszalińskiej :: KOHA